000 00457nam a2200157Ia 4500
003 GCL
008 140319s9999 xx 000 0 ara d
040 _aGCL /
_cGCL
082 0 4 _a813.03
_bع ا
245 1 0 _aاختبار الحواس
260 _a[S.N] :
_bمؤسسة الريس للكتب ،
_c1992
490 _aجائزة الناقد للرواية
_v0
650 0 4 _aالادب العربى
650 0 4 _aالقصص العربية
942 _2ddc
_cBK
999 _c53479
_d53479